书目信息 |
| 题名: |
信号与系统分析学习指导
|
|
| 作者: | 赵录怀 , 高金峰 , 刘崇新 编 | |
| 分册: | ||
| 出版信息: | 西安 西安交通大学出版社 2007 |
|
| 页数: | 154页 | |
| 开本: | 21cm | |
| 丛书名: | ||
| 单 册: | ||
| 中图分类: | TN911.6 | |
| 科图分类: | ||
| 主题词: | 信号系统--高等学校--教学参考资料 , 信号理论 , 信号理论--高等学校--教学参考资料 , 信号系统 | |
| 电子资源: | ||
| ISBN: | 978-7-5605-2336-1 | |
| 000 | 01072nam0 2200277 450 | |
| 001 | 003437551 | |
| 005 | 20070803144742.93 | |
| 010 | @a978-7-5605-2336-1@dCNY9.00@z7-5605-2336-6 | |
| 100 | @a20070104d2007 em y0chiy0110 ea | |
| 101 | 0 | @achi |
| 102 | @aCN@b610000 | |
| 105 | @ay z 000yy | |
| 200 | 1 | @a信号与系统分析学习指导@9xin hao yu xi tong fen xi xue xi zhi dao@f赵录怀,高金峰,刘崇新编 |
| 210 | @a西安@c西安交通大学出版社@d2007 | |
| 215 | @a154页@d21cm | |
| 330 | @a本书是与《信号与系统分析》相配套的学习指导书,内容包括:信号与系统的基本概念、线性时不变系统的时域分析、拉普拉斯变换、Z变换、连续时间信号与系统的傅里叶分析、离散时间信号与系统的傅里叶分析、模拟与数字滤波器。 | |
| 606 | 0 | @a信号系统@x高等学校@j教学参考资料 |
| 606 | 0 | @a信号理论 |
| 606 | 0 | @a信号理论@x高等学校@j教学参考资料 |
| 606 | 0 | @a信号系统 |
| 690 | @aTN911.6@v4 | |
| 701 | 0 | @a赵录怀@9zhao lu huai@c(副教授)@4编 |
| 701 | 0 | @a高金峰@9gao jin feng@c(电子电路)@4编 |
| 701 | 0 | @a刘崇新@9liu chong xin@f(1953~)@4编 |
| 801 | 0 | @aCN@bNLC@c20070803 |
| 905 | @a10447@dTN911.6@e106 | |
| 信号与系统分析学习指导/赵录怀,高金峰,刘崇新编.-西安:西安交通大学出版社,2007 |
| 154页;21cm |
| ISBN 978-7-5605-2336-1:CNY9.00 |
| 本书是与《信号与系统分析》相配套的学习指导书,内容包括:信号与系统的基本概念、线性时不变系统的时域分析、拉普拉斯变换、Z变换、连续时间信号与系统的傅里叶分析、离散时间信号与系统的傅里叶分析、模拟与数字滤波器。 |
| ● |
| 相关链接 |
|
|
|
|
正题名:信号与系统分析学习指导
索取号:TN911.6/106
 
预约/预借
| 序号 | 登录号 | 条形码 | 馆藏地/架位号 | 状态 | 备注 |
| 1 | 0801171 | 208011710 | 第二样本阅览室/ [索取号:TN911.6/106] | 在馆 | |
| 2 | 0801172 | 208011729 | 第三借阅区/ [索取号:TN911.6/106] | 在馆 | |
| 3 | 0801173 | 208011738 | 第三借阅区/ [索取号:TN911.6/106] | 在馆 | |
| 4 | 0801174 | 208011747 | 第三借阅区/ [索取号:TN911.6/106] | 在馆 | |
| 5 | 0801175 | 208011756 | 第三借阅区/ [索取号:TN911.6/106] | 在馆 | |
| 6 | 0801176 | 208011765 | 第三借阅区/ [索取号:TN911.6/106] | 在馆 |